Organic synthesis: Concepts and methods (Record no. 19342)
[ view plain ]
| 000 -LEADER | |
|---|---|
| fixed length control field | 00493nam a2200181Ia 4500 |
| 008 - FIXED-LENGTH DATA ELEMENTS--GENERAL INFORMATION | |
| fixed length control field | 230917s9999||||xx |||||||||||||| ||und|| |
| 020 ## - ISBN | |
| Price | RS1195 |
| 040 ## - CATALOGING SOURCE | |
| -- | 234989 |
| Original cataloging agency | VIVEKANANDA LIBRARY |
| 041 ## - Language | |
| -- | English |
| 082 ## - DDC NUMBER | |
| Classification number | 547.2 F955O(3) |
| 100 ## - MAIN ENTRY--PERSONAL NAME | |
| Personal name | Fuhrhop, Jurgen-Hinrich |
| 245 #0 - TITLE STATEMENT | |
| Title | Organic synthesis: Concepts and methods |
| 250 ## - EDITION STATEMENT | |
| Edition statement | 3rd ed. |
| 260 ## - PUBLICATION, DISTRIBUTION, ETC. (IMPRINT) | |
| Place of publication, distribution, etc | New Delhi |
| Name of publisher, distributor, etc | Wiley India |
| Date of publication, distribution, etc | 2014 |
| 300 ## - PHYSICAL DESCRIPTION | |
| Pages | xvi, 517 p. |
| 500 ## - GENERAL NOTE | |
| General note | 2398 05/10/2016 HBD16/6684 06/10/2016 Main Budget |
| 942 ## - ADDED ENTRY ELEMENTS (KOHA) | |
| Koha item type | Books |
| Withdrawn status | Lost status | Damaged status | Not for loan | Location (home branch) | Sublocation or collection (holding branch) | Date acquired | Koha issues (times borrowed) | Koha full call number | Accession No. | Koha date last seen | Koha item type |
|---|---|---|---|---|---|---|---|---|---|---|---|
| VIVEKANANDA LIBRARY | VIVEKANANDA LIBRARY | 22/11/2016 | 547.2 F955O(3) | 353943 | 17/09/2023 | Books | |||||
| VIVEKANANDA LIBRARY | VIVEKANANDA LIBRARY | 22/11/2016 | 547.2 F955O(3) | 353944 | 17/09/2023 | Books |
